Sports Quiz

Random Sports Quiz
Score 0/30 Timer 05:00
0 Plays Today
OPS+ % Correct
207Babe Ruth
99.6%
182Barry Bonds
96.9%
191Ted Williams
96.4%
172Micky Mantle
93.3%
156Willie Mays
92.4%
179Lou Gehrig
91.5%
155Hank Aaron
87.5%
172*Albert Pujols
87.1%
155Joe DiMaggio
84.4%
167Ty Cobb
83%
163Jimmie Foxx
79%
159Stan Musial
78.6%
162Mark McGwire
77.7%
155*Manny Ramirez
73.2%
154Frank Robinson
72.8%
OPS+ % Correct
170Joe Jackson
70.1%
156Frank Thomas
64.7%
155Mel Ott
62.9%
175Rogers Hornsby
62.5%
158Hank Greenberg
58%
158Tris Speaker
53.1%
158Johnny Mize
31.3%
156Dick Allen
17.4%
152Ed Delahanty
17.4%
170Dan Brouthers
13.8%
153Roger Connor
4.5%
151Gavvy Cravath
3.6%
162Pete Browning
2.7%
152Charlie Keller
2.7%
161Dave Orr
1.3%
Remove Ads.
Support Sporcle.
Get the best of Sporcle when you Go Orange. This ad-free experience offers more features, more stats, and more fun while also helping to support Sporcle. Thank you for becoming a member.

You're not logged in!

Compare scores with friends on all Sporcle quizzes.
OR
Log In

Show Comments

Extras

Created Sep 25, 2009SourceReportNominate
Tags:Career, OPS, OPS Leaders

Top Quizzes Today


Score Distribution

Your Account Isn't Verified!

In order to create a playlist on Sporcle, you need to verify the email address you used during registration. Go to your Sporcle Settings to finish the process.

Report this User

Report this user for behavior that violates our Community Guidelines.

Details: